Statistics for Video Games by Cosplay

Click here to take the quiz!

General Stats

  • This quiz has been taken 33 times
  • The average score is 14 of 32

Answer Stats

Answer% Correct
Mario
97%
The Legend of Zelda
97%
Tomb Raider
97%
Assassin's Creed
91%
Overwatch
72%
Portal
72%
Metroid
69%
Half-Life
63%
Payday
63%
Resident Evil
53%
Uncharted
50%
Watch Dogs
50%
Death Stranding
47%
Fallout
47%
Borderlands
41%
Undertale
38%
DmC: Devil May Cry
34%
Genshin Impact
31%
The Witcher
31%
Bloodborne
28%
Detroit: Become Human
28%
Nier: Automata
28%
Hotline Miami
25%
Left 4 Dead
25%
Bioshock Infinite
22%
Dishonored
22%
Final Fantasy VII
22%
Metal Gear Solid 4: Guns of the Patriots
19%
inFamous: Second Son
16%
Max Payne (yeah, I know this is Sam Lake himself haha)
16%
The Evil Within
6%
Dota 2
3%

Score Distribution

Percentile by Number Answered

Percent of People with Each Score

Your Score History

You have not taken this quiz